| 000 -ლიდერი |
| ფიქსირებული სიგრძის საკონტროლო ველი |
00978nam a2200253Ia 4500 |
| 001 - საკონტროლო ნომერი |
| საკონტროლო ველი |
21252 |
| 003 - საკონტროლო ნომრის იდენტიფიკატორი |
| საკონტროლო ველი |
GE_BSU |
| 005 - ბოლო ოპერაციის თარიღი და დრო |
| საკონტროლო ველი |
20211013163044.0 |
| 008 - ფიქსირებული სიგრძის მონაცემთა ელემენტები - ზოგადი ინფორმაცია |
| ფიქსირებული სიგრძის საკონტროლო ველი |
181216s2015||||ge |||||||||||||| ||geo|| |
| 020 ## - წიგნის საერთაშორისო სტანდარტული ნომერი |
| International Standard Book Number |
9789941219900 |
| 040 ## - კატალოგიზაციის წყარო |
| Transcribing agency |
GE_BSU |
| 041 ## - ენის კოდი |
| Language code of text/sound track or separate title |
geo |
| 080 ## - უნივერსალური ათობითი კლასიფიკაციის ინდექსი |
| Universal Decimal Classification number |
331.53 მ-58 |
| 100 ## - მთავარი ჩანაწერი - პიროვნების სახელი |
| Personal name |
მესმერი, მაქს |
| 9 (RLIN) |
12657 |
| 245 ## - ცნობა სათაურის შესახებ |
| Title |
სამუშაოს ძებნა მარტივად / |
| Statement of responsibility, etc |
მაქს მესმერი ; რედ. ნ. ენუქიძე. |
| 264 ## - წარმოების, გამოცემის, დისტრიბუციის და სხვა ცნობები |
| გამოცემის, წარმოების, დისტრიბუციის... ადგილი |
თბილისი : |
| გამოცემის, წარმოების, დისტრიბუციის... სახელწოდება |
პალიტრა L, |
| გამოცემის, წარმოების, დისტრიბუციის... თარიღი |
2015. |
| 300 ## - ფიზიკური აღწერა |
| Extent |
314 გვ. : |
| Other physical details |
ილ. ; |
| Dimensions |
24 სმ. |
| 653 ## - INDEX TERM--UNCONTROLLED |
| Uncontrolled term |
ეკონომიკა |
| 653 ## - INDEX TERM--UNCONTROLLED |
| Uncontrolled term |
სამუშაოს ორგანიზების თეორია |
| 653 ## - INDEX TERM--UNCONTROLLED |
| Uncontrolled term |
სამუშაოს ძებნა მარტივად |
| 700 ## - ADDED ENTRY--PERSONAL NAME |
| Personal name |
ენუქიძე, ნ. |
| Relator term |
რედაქტორი |
| 9 (RLIN) |
12658 |
| 942 ## - ADDED ENTRY ELEMENTS (KOHA) |
| Koha item type |
წიგნი |
| Source of classification or shelving scheme |
|